000 01555 a2200217 4500
001 10585
005 20260407155439.0
008 260407a2006 arg spa d
003 AR-UNSa-BCEJYS
040 _aAR-UNSa-BCEJYS
_bspa
_cAR-UNSa-BCEJYS
080 _a347.962
_xMagistrados. Magistratura. Jueces
245 1 0 _aLa responsabilidad judicial y sus dimensiones
020 _a978-950-569-257-6
264 1 _aBuenos Aires :
_bAbaco de Rodolfo Depalma
_c2006
300 _a2 v.
_c23 cm.
505 _aVol. 1 Contiene: 1. La responsabilidad política de los magistrados judiciales 2. Responsabilidad disciplinaria de los jueces - Vol. 2 Contiene: 3. Responsabilidad civil de los jueces 4. Los magistrados frente a la responsabilidad penal - 5. La responsabilidad del Estado por su actividad judicial - 6. La responsabilidad internacional del Estado derivada del ejercicio de la función judicial - 7. La responsabilidad ética de los magistrados judiciales - 8. Sobre la responsabilidad científica del juez - 9. Algunos aportes del análisis económico del derecho respecto a la responsabiblidad judicial - 10. La responsabilidad gerencial de los magistrados judiciales - 11. La responsabilidad por el gobierno del poder judicial - 12. Responsabilidad judicial de cara al servicio de justicia y su reforma
942 _cBK
590 _aniveau_biblio:m niveau_hierar:0
100 1 _aSantiago, Alfonso (h)
856 4 1 _uhttps://biblioeco.unsa.edu.ar/pmb/images/libros/La responsabilidad judicial y sus dimensiones-l118834
_yImagen de portada
_qimage/jpeg
999 _c479
_d479